000 00359nam a2200145Ia 4500
008 100415s9999 xx 000 0 und d
082 _b10855
_a580(54)
100 _aBlatter E
245 _aBombay Flora (Separata)
260 _aBOMBAY
_c0
_bBNHS
365 _b0
630 _aBombay Flora (Separata)
730 _aBombay Flora (Separata)
942 _cBOOK
999 _c593781
_d593778